Исследование влияния лимонной кислоты на фазовый состав и намагниченность наночастиц магнетита, синтезированных методом совместного осаждения; Химия и химическая технология в XXI веке; Т. 2

Dettagli Bibliografici
Parent link:Химия и химическая технология в XXI веке: материалы XXII Международной научно-практической конференции студентов и молодых ученых имени выдающихся химиков Л. П. Кулёва и Н. М. Кижнера, посвященной 125-летию со дня основания Томского политехнического университета, Томск, 17-20 мая 2021 г./ Национальный исследовательский Томский политехнический университет (ТПУ) ; Инженерная школа природных ресурсов ; Исследовательская школа химических и биомедицинских технологий.— , 2021
Т. 2.— 2021.— [С. 376-377]
Autore principale: Синявский С. В. Сергей Владимирович
Enti autori: Национальный исследовательский Томский политехнический университет Исследовательская школа химических и биомедицинских технологий Научно-исследовательский центр "Физическое материаловедение и композитные материалы", Национальный исследовательский Томский политехнический университет Исследовательская школа химических и биомедицинских технологий
Altri autori: Прядко А. Артем (научный руководитель), Сурменев Р. А. Роман Анатольевич
Riassunto:Заглавие с титульного экрана
Lingua:russo
Pubblicazione: 2021
Serie:Перспективные материалы и нанотехнологии
Soggetti:
Accesso online:http://earchive.tpu.ru/handle/11683/67663
Natura: MixedMaterials Elettronico Capitolo di libro
KOHA link:https://koha.lib.tpu.ru/cgi-bin/koha/opac-detail.pl?biblionumber=633024

MARC

LEADER 00000naa2a2200000 4500
001 633024
005 20240130130719.0
035 |a (RuTPU)RU\TPU\conf\34746 
035 |a RU\TPU\conf\34740 
090 |a 633024 
100 |a 20210610d2021 k y0rusy50 ca 
101 0 |a rus 
102 |a RU 
105 |a y z 101zy 
135 |a drcn ---uucaa 
181 0 |a i  
182 0 |a b 
200 1 |a Исследование влияния лимонной кислоты на фазовый состав и намагниченность наночастиц магнетита, синтезированных методом совместного осаждения  |f С. В. Синявский, А. Прядко  |g науч. рук. Р. А. Сурменев 
203 |a Текст  |c электронный 
225 1 |a Перспективные материалы и нанотехнологии 
300 |a Заглавие с титульного экрана 
320 |a [Библиогр.: с. 377 (7 назв.)] 
461 1 |0 (RuTPU)RU\TPU\conf\34506  |t Химия и химическая технология в XXI веке  |o материалы XXII Международной научно-практической конференции студентов и молодых ученых имени выдающихся химиков Л. П. Кулёва и Н. М. Кижнера, посвященной 125-летию со дня основания Томского политехнического университета, Томск, 17-20 мая 2021 г.  |o в 2 т.  |f Национальный исследовательский Томский политехнический университет (ТПУ) ; Инженерная школа природных ресурсов ; Исследовательская школа химических и биомедицинских технологий  |d 2021 
463 1 |0 (RuTPU)RU\TPU\conf\34508  |t Т. 2  |v [С. 376-377]  |d 2021 
610 1 |a труды учёных ТПУ 
610 1 |a электронный ресурс 
610 1 |a лимонная кислота 
610 1 |a фазовый состав 
610 1 |a намагниченность 
610 1 |a наночастицы 
610 1 |a магнетиты 
610 1 |a осаждение 
610 1 |a поверхности 
700 1 |a Синявский  |b С. В.  |c физик  |c инженер Томского политехнического университета  |f 1998-  |g Сергей Владимирович  |3 (RuTPU)RU\TPU\pers\46889  |9 22511 
701 1 |a Прядко  |b А.  |c специалист в области ядерных технологий  |c инженер-исследователь Томского политехнического университета  |f 1995-  |g Артем  |3 (RuTPU)RU\TPU\pers\46623  |9 22281 
702 1 |a Сурменев  |b Р. А.  |c физик  |c старший научный сотрудник Томского политехнического университета, доцент, кандидат физико-математических наук  |f 1982-  |g Роман Анатольевич  |4 727 
712 0 2 |a Национальный исследовательский Томский политехнический университет  |b Исследовательская школа химических и биомедицинских технологий  |b Научно-исследовательский центр "Физическое материаловедение и композитные материалы"  |3 (RuTPU)RU\TPU\col\24957 
712 0 2 |a Национальный исследовательский Томский политехнический университет  |b Исследовательская школа химических и биомедицинских технологий  |c (2017- )  |3 (RuTPU)RU\TPU\col\23537 
801 2 |a RU  |b 63413507  |c 20210625  |g RCR 
856 4 |u http://earchive.tpu.ru/handle/11683/67663 
942 |c BK